000 00273nam a2200133Ia 4500
100 _aHopkins Gerald L
942 _cBK
654 _aISDN
245 _aISDN Literacy Book
260 _bAddison Wesly
_aNew york
_c1994
300 _a367
546 _aENGLISH
999 _c29108
_d29108